Agricultural Precedents Handbook (Record no. 115465)

MARC details
000 -LEADER
fixed length control field 00835cam a22002415a 4500
001 - CONTROL NUMBER
control field L158703
008 - FIXED-LENGTH DATA ELEMENTS--GENERAL INFORMATION
fixed length control field 150625s2009 xxk f 000 0 eng d
020 ## - INTERNATIONAL STANDARD BOOK NUMBER
International Standard Book Number 9781846610615
035 ## - SYSTEM CONTROL NUMBER
System control number (Sirsi) u158703
041 0# - LANGUAGE CODE
Language code of text/sound track or separate title eng
050 04 - LIBRARY OF CONGRESS CALL NUMBER
Classification number 630.026
100 1# - MAIN ENTRY--PERSONAL NAME
Personal name Davis, Nigel
245 00 - TITLE STATEMENT
Title Agricultural Precedents Handbook
250 ## - EDITION STATEMENT
Edition statement 2nd
260 ## - PUBLICATION, DISTRIBUTION, ETC.
Place of publication, distribution, etc. Bristol
Name of publisher, distributor, etc. Jordan Publishing
Date of publication, distribution, etc. 2009
300 ## - PHYSICAL DESCRIPTION
Extent xxii, 541p, 25cm
520 ## - SUMMARY, ETC.
Summary, etc. Provides advisers dealing with agricultural cases a complete library of precedents, covering every type of transaction likely to arise. Includes information on preliminary enquiries, contracts for the sale of agricultural property and farm business tenancies.
651 #4 - SUBJECT ADDED ENTRY--GEOGRAPHIC NAME
Geographic name ENGLAND AND WALES
690 ## - LOCAL SUBJECT ADDED ENTRY--TOPICAL TERM (OCLC, RLIN)
Topical term or geographic name as entry element Rural
9 (RLIN) 6268
700 1# - ADDED ENTRY--PERSONAL NAME
Personal name Smith, Graham
700 1# - ADDED ENTRY--PERSONAL NAME
Personal name Sydenham, Angela
942 ## - ADDED ENTRY ELEMENTS (KOHA)
Suppress in OPAC 0
Holdings
Withdrawn status Lost status Source of classification or shelving scheme Damaged status Not for loan Home library Current library Shelving location Date acquired Total Checkouts Full call number Barcode Date last seen Copy number Price effective from Koha item type
    Dewey Decimal Classification     London London Books 25/06/2015   630.026 DAV 30078973 06/08/2019 1 06/08/2019 Book